[Event "15th EUR-ch (w)"]
[Site "Plovdiv BUL"]
[Date "2014.07.12"]
[Round "7.37"]
[White "Ohme, Melanie"]
[Black "Petrukhina, Irina"]
[Result "0-1"]
[WhiteElo "2352"]
[BlackElo "2156"]
[EventDate "2014.07.06"]
[PlyCount "64"]

1.e4 c5 2.Nc3 d6 3.d4 cxd4 4.Qxd4 Nc6 5.Bb5 Bd7 6.Bxc6 Bxc6 7.Bg5 h6 8.Be3
e5 9.Qd3 Nf6 10.O-O-O Qd7 11.Kb1 b5 12.f4 Qb7 13.Nf3 b4 14.Ne2 Bb5 15.c4 
bxc3 16.Qc2 Bxe2 17.Qxe2 Nxe4 18.fxe5 d5 19.Ka1 Bb4 20.Bd4 O-O 21.g4 a5 
22.Rhg1 a4 23.g5 h5 24.g6 cxb2+ 25.Qxb2 a3 26.gxf7+ Rxf7 27.Qg2 Bc3+ 28.
Bxc3 Nxc3 29.Rd3 d4 30.e6 Qb2+ 31.Qxb2 axb2+ 32.Kxb2 Rb7+ 0-1

[Event "15th EUR-ch (w)"]
[Site "Plovdiv BUL"]
[Date "2014.07.12"]
[Round "7.38"]
[White "Kulon, Klaudia"]
[Black "Galunova, Tsveta"]
[Result "1-0"]
[WhiteElo "2341"]
[BlackElo "2125"]
[EventDate "2014.07.06"]
[PlyCount "71"]

1.e4 e5 2.Nf3 Nc6 3.Bc4 Bc5 4.c3 Nf6 5.d3 d6 6.b4 Bb6 7.a4 a6 8.h3 Ne7 9.
O-O O-O 10.Re1 Ng6 11.Nbd2 Be6 12.Qb3 Qe7 13.d4 Bxc4 14.Nxc4 Ba7 15.Ba3 b5
16.Na5 Bb6 17.Nc6 Qd7 18.dxe5 Nxe4 19.Ncd4 dxe5 20.a5 Ba7 21.Rxe4 exd4 22.
cxd4 Rae8 23.Rxe8 Rxe8 24.Bb2 h6 25.Rc1 Nf4 26.Kh2 c6 27.Ne5 Qd5 28.Qxd5 
cxd5 29.Rc6 Ne2 30.Rxa6 Bxd4 31.Bxd4 Nxd4 32.Nd3 Re2 33.Rd6 Rd2 34.Nf4 Nc2
35.a6 Nxb4 36.a7 1-0

[Event "15th EUR-ch (w)"]
[Site "Plovdiv BUL"]
[Date "2014.07.12"]
[Round "7.39"]
[White "Mareckova, Martina"]
[Black "Olsarova, Karolina"]
[Result "0-1"]
[WhiteElo "2094"]
[BlackElo "2274"]
[EventDate "2014.07.06"]
[PlyCount "78"]

1.e4 e5 2.Nf3 Nc6 3.Bc4 Bc5 4.O-O d6 5.c3 Nf6 6.d3 O-O 7.Bb3 a6 8.Nbd2 Ba7
9.Re1 Ng4 10.Re2 Kh8 11.h3 Nh6 12.Nf1 f5 13.d4 Qf6 14.dxe5 dxe5 15.Bd5 f4 
16.Bxc6 bxc6 17.b3 g5 18.Bb2 g4 19.Nxe5 Kg8 20.Nxg4 Nxg4 21.hxg4 Bxg4 22.
Nh2 Bxe2 23.Qxe2 Rad8 24.Re1 Qd6 25.Nf3 Qd3 26.Nd4 Qxe2 27.Rxe2 c5 28.Nc6 
Rd1+ 29.Kh2 Rf6 30.Ne7+ Kf7 31.Nf5 c4 32.Kh3 Rg6 33.Kh2 Rg5 34.g3 f3 35.
Rc2 Rf1 36.Bc1 Rh5+ 37.Nh4 Bxf2 38.Kh3 Bb6 39.Kg4 Rxh4+ 0-1

[Event "15th EUR-ch (w)"]
[Site "Plovdiv BUL"]
[Date "2014.07.12"]
[Round "7.40"]
[White "Ionescu, Irina"]
[Black "Nevioselaya, Maria"]
[Result "1-0"]
[WhiteElo "2253"]
[BlackElo "2039"]
[EventDate "2014.07.06"]
[PlyCount "69"]

1.e4 e5 2.Nf3 Nc6 3.Bc4 Bc5 4.c3 Nf6 5.d3 d6 6.Nbd2 a6 7.Bb3 h6 8.h3 Ba7 
9.Nf1 d5 10.Qe2 d4 11.g4 dxc3 12.bxc3 Be6 13.Bxe6 fxe6 14.Be3 Bxe3 15.fxe3
Qd6 16.Qc2 O-O-O 17.Ke2 g5 18.N1d2 Rhg8 19.Rab1 h5 20.gxh5 g4 21.hxg4 Nxg4
22.Nc4 Qc5 23.Qa4 Qa7 24.d4 b5 25.Qb3 bxc4 26.Qxc4 Rd6 27.Rhg1 Kd8 28.h6 
Nxh6 29.Rxg8+ Nxg8 30.dxe5 Na5 31.Qa4 Rc6 32.Qxa5 Rc5 33.Qa4 Ke7 34.Nd4 
Qa8 35.Qa3 1-0

[Event "15th EUR-ch (w)"]
[Site "Plovdiv BUL"]
[Date "2014.07.12"]
[Round "7.41"]
[White "Mirzoeva, Elmira"]
[Black "Antova, Gabriela"]
[Result "1/2-1/2"]
[WhiteElo "2241"]
[BlackElo "1876"]
[EventDate "2014.07.06"]
[PlyCount "87"]

1.d4 d5 2.c4 e6 3.Nf3 c5 4.cxd5 exd5 5.Nc3 Nc6 6.dxc5 d4 7.Na4 Bxc5 8.Nxc5
Qa5+ 9.Qd2 Qxc5 10.e3 dxe3 11.Qxe3+ Qxe3+ 12.Bxe3 Nf6 13.Bb5 Bd7 14.O-O 
O-O 15.Rfd1 a6 16.Be2 Rac8 17.Rac1 Be6 18.a3 h6 19.b4 Nd5 20.Bc5 Rfd8 21.
Bf1 Bg4 22.Bc4 Nf4 23.Rxd8+ Rxd8 24.Be3 Nd5 25.h3 Nxe3 26.fxe3 Bxf3 27.
gxf3 Ne5 28.Be2 Rd2 29.Rc8+ Kh7 30.Kf1 Ra2 31.f4 Nc6 32.Rc7 Rxa3 33.Rxf7 
Nxb4 34.Rxb7 Nd5 35.Kf2 Nxe3 36.Rd7 Nf5 37.Bd3 Ra5 38.Ra7 Kg6 39.Kf3 Kf6 
40.Rxa6+ Rxa6 41.Bxa6 Nd4+ 42.Ke4 Nf5 43.Bd3 g5 44.fxg5+ 1/2-1/2

[Event "15th EUR-ch (w)"]
[Site "Plovdiv BUL"]
[Date "2014.07.12"]
[Round "7.42"]
[White "Havlikova, Kristyna"]
[Black "Amrayeva, Aytan"]
[Result "1/2-1/2"]
[WhiteElo "2229"]
[BlackElo "2065"]
[EventDate "2014.07.06"]
[PlyCount "95"]

1.e4 e6 2.d4 d5 3.Nc3 Nf6 4.e5 Nfd7 5.f4 c5 6.Nf3 Nc6 7.Be3 Be7 8.Qd2 a6 
9.Be2 b5 10.O-O cxd4 11.Nxd4 Nxd4 12.Bxd4 f5 13.exf6 Nxf6 14.a3 O-O 15.Bd3
Qc7 16.Rae1 Bc5 17.Ne2 Bd7 18.c3 a5 19.Kh1 Bd6 20.b4 Rae8 21.Ng1 e5 22.
fxe5 Bxe5 23.Bxe5 Rxe5 24.Rxe5 Qxe5 25.Nf3 Qd6 26.Re1 axb4 27.axb4 Ng4 28.
h3 Nf6 29.Re5 Rc8 30.Bc2 Qc6 31.Re3 Qc4 32.Bd3 Qc7 33.Bb1 Re8 34.Ba2 Rxe3 
35.Qxe3 Qd6 36.Qe5 Qxe5 37.Nxe5 Bf5 38.Kg1 h5 39.Nf3 Kf8 40.Nd2 Ke7 41.Kf2
Ne4+ 42.Nxe4 Bxe4 43.g3 Kd6 44.Ke3 Ke5 45.Bb3 h4 46.gxh4 Bf5 47.Bd1 Bxh3 
48.Be2 1/2-1/2

[Event "15th EUR-ch (w)"]
[Site "Plovdiv BUL"]
[Date "2014.07.12"]
[Round "7.43"]
[White "Pavlidou, Ekaterini"]
[Black "Litvinenko, Ekaterina"]
[Result "1-0"]
[WhiteElo "2209"]
[BlackElo "1978"]
[EventDate "2014.07.06"]
[PlyCount "85"]

1.d4 Nf6 2.c4 c5 3.d5 b5 4.cxb5 a6 5.bxa6 Bxa6 6.Nc3 g6 7.e4 Bxf1 8.Kxf1 
d6 9.Nf3 Bg7 10.g3 O-O 11.Kg2 Nbd7 12.Qe2 Qa5 13.Rd1 Rfb8 14.Nd2 Ne8 15.
Nc4 Qa6 16.Bd2 Rb4 17.b3 Nc7 18.Rab1 Ne5 19.Nxe5 Bxe5 20.Qxa6 Rxa6 21.Re1 
Rd4 22.Bf4 Bg7 23.e5 Nxd5 24.Nxd5 Rxd5 25.exd6 e5 26.Be3 Bf8 27.Red1 Raxd6
28.Rxd5 Rxd5 29.Kf3 f5 30.Ke2 Kf7 31.a4 Bd6 32.a5 Bb8 33.Rc1 c4 34.b4 f4 
35.gxf4 exf4 36.Bc5 g5 37.Rxc4 Ke6 38.Re4+ Kd7 39.Re7+ Kc6 40.Rxh7 g4 41.
Rh6+ Kd7 42.a6 f3+ 43.Ke3 1-0

[Event "15th EUR-ch (w)"]
[Site "Plovdiv BUL"]
[Date "2014.07.12"]
[Round "7.44"]
[White "Salimova, Nurgyul"]
[Black "Khalafova, Narmin"]
[Result "0-1"]
[WhiteElo "1908"]
[BlackElo "2191"]
[EventDate "2014.07.06"]
[PlyCount "120"]

1.d4 Nf6 2.c4 e6 3.Nf3 d5 4.Nc3 c6 5.cxd5 exd5 6.Bg5 Be7 7.e3 Nbd7 8.Bd3 
Ne4 9.Bf4 f5 10.O-O O-O 11.Ne5 Ndf6 12.Nxe4 fxe4 13.Be2 Ne8 14.Rb1 a5 15.
Qa4 Be6 16.Rfc1 Nd6 17.Qd1 Nf5 18.Bg4 Bd6 19.h3 Qf6 20.Bxf5 Bxf5 21.Bg3 
Qe6 22.Bf4 Qe7 23.a3 Be6 24.Qd2 c5 25.dxc5 Bxc5 26.Nd7 Rxf4 27.Nxc5 Rf6 
28.Nxe6 Qxe6 29.Rc5 Rf5 30.Rd1 Raf8 31.Rxd5 Rxf2 32.Qxf2 Rxf2 33.Kxf2 Qf6+
34.Kg3 Qxb2 35.Rd8+ Kf7 36.R8d7+ Kg6 37.R1d6+ Kh5 38.Rd5+ Kh6 39.Rxa5 Qb6 
40.Rdd5 Qxe3+ 41.Kh2 Qf4+ 42.Kg1 e3 43.Rf5 Qd4 44.Rh5+ Kg6 45.Rhg5+ Kf6 
46.Rad5 e2+ 47.Rxd4 e1=Q+ 48.Kh2 Kxg5 49.Rd3 Kf4 50.Rf3+ Ke4 51.Rf7 Qc3 
52.Rxb7 Qe5+ 53.Kh1 Ke3 54.Rb3+ Ke2 55.Rf3 g5 56.Kg1 Qd4+ 57.Kh1 h5 58.Kh2
g4 59.hxg4 hxg4 60.Rf5 Qd3 0-1

[Event "15th EUR-ch (w)"]
[Site "Plovdiv BUL"]
[Date "2014.07.12"]
[Round "7.45"]
[White "Dragomirescu, Angela"]
[Black "Avramidou, Anastasia"]
[Result "1-0"]
[WhiteElo "2251"]
[BlackElo "2007"]
[EventDate "2014.07.06"]
[PlyCount "113"]

1.Nf3 Nf6 2.b3 g6 3.Bb2 Bg7 4.g3 O-O 5.Bg2 d5 6.O-O c5 7.d3 Nc6 8.e3 Qc7 
9.Nbd2 Rd8 10.Qe2 e5 11.h3 h6 12.Rfd1 Be6 13.Ne1 Rab8 14.c4 a6 15.Rac1 d4 
16.Kh2 Nh5 17.Nf1 Rf8 18.Nc2 Rbe8 19.Ba3 Qd6 20.b4 b6 21.bxc5 bxc5 22.Nd2 
f5 23.Nb3 Nb4 24.Nxc5 Nxc2 25.Qxc2 Bf7 26.Qa4 dxe3 27.Nd7 Qc7 28.Qc6 Qa5 
29.Bxf8 Bxf8 30.Nxf8 Rxf8 31.fxe3 Qxa2 32.Qf3 a5 33.c5 Be6 34.c6 f4 35.
exf4 exf4 36.g4 Nf6 37.Kg1 Bd5 38.Qf2 Qxf2+ 39.Kxf2 f3 40.Bh1 Ne8 41.c7 
Nd6 42.Rc5 Bb7 43.Rb1 Bc8 44.Bxf3 a4 45.Kg3 Kg7 46.Rb4 Re8 47.Rxa4 Re3 48.
Rd4 Nf7 49.Kf2 Re8 50.Be4 Rf8 51.Kg3 Re8 52.Rc6 Ne5 53.Rc1 Nf7 54.Rb4 Ng5 
55.Rc6 Ne6 56.Rb8 Kf7 57.Bd5 1-0

[Event "15th EUR-ch (w)"]
[Site "Plovdiv BUL"]
[Date "2014.07.12"]
[Round "7.46"]
[White "Yordanova, Svetla"]
[Black "Isgandarova, Khayala"]
[Result "1/2-1/2"]
[WhiteElo "2101"]
[BlackElo "2184"]
[EventDate "2014.07.06"]
[PlyCount "123"]

1.d4 Nf6 2.c4 g6 3.f3 Bg7 4.e4 d6 5.Nc3 O-O 6.Be3 Nc6 7.Nge2 a6 8.Qd2 Rb8 
9.Rb1 Re8 10.b4 Bd7 11.b5 Na5 12.Nf4 c6 13.e5 Nh5 14.Nxh5 gxh5 15.Bh6 Bf5 
16.Qg5 Bg6 17.Bxg7 Kxg7 18.Rd1 dxe5 19.Qxe5+ f6 20.Qe3 cxb5 21.cxb5 Qb6 
22.Kf2 Rbc8 23.bxa6 bxa6 24.Be2 e5 25.Nd5 Qb7 26.Nxf6 Kxf6 27.dxe5+ Kg7 
28.e6 Qb2 29.Rd7+ Kh8 30.Rhd1 Qf6 31.e7 Nc6 32.R7d6 Qxe7 33.Qxe7 Nxe7 34.
Bxa6 Ra8 35.R1d2 Nf5 36.Rb6 Ne3 37.a4 Bc2 38.a5 Nd1+ 39.Kg3 Rg8+ 40.Kh4 
Ne3 41.g3 Raf8 42.Bb7 Bf5 43.Ra2 Bd7 44.Be4 Nf5+ 45.Bxf5 Rxf5 46.Ra3 Rc5 
47.h3 Rc4+ 48.g4 hxg4 49.hxg4 Ra4 50.Rxa4 Bxa4 51.f4 Ra8 52.a6 Bc2 53.f5 
Bd3 54.Kg5 Bxa6 55.Kh6 Bc4 56.g5 Ra1 57.Rb8+ Bg8 58.g6 Rh1+ 59.Kg5 Rg1+ 
60.Kh6 hxg6 61.fxg6 Rh1+ 62.Kg5 1/2-1/2

[Event "15th EUR-ch (w)"]
[Site "Plovdiv BUL"]
[Date "2014.07.12"]
[Round "7.47"]
[White "Topel, Zehra"]
[Black "Shabanaj, Eglantina"]
[Result "1-0"]
[WhiteElo "2170"]
[BlackElo "2046"]
[EventDate "2014.07.06"]
[PlyCount "109"]

1.d4 d5 2.c4 c6 3.Nc3 Nf6 4.cxd5 cxd5 5.Nf3 e6 6.a3 Be7 7.Bf4 a6 8.Ne5 O-O
9.e3 Bd7 10.Bd3 Bc6 11.Qc2 Nbd7 12.O-O Rc8 13.Rac1 h6 14.Qe2 Nxe5 15.dxe5 
Ne4 16.Rfd1 Qb6 17.Bb1 f5 18.exf6 Rxf6 19.Nxe4 dxe4 20.Bxe4 Rcf8 21.Bxc6 
bxc6 22.Rc2 Kh8 23.Qc4 c5 24.Qe4 Qb3 25.Rcd2 c4 26.Rc1 Rc8 27.Rdc2 c3 28.
Be5 Rc4 29.Qd3 cxb2 30.Qxc4 Qxc4 31.Rxc4 bxc1=Q+ 32.Rxc1 Bxa3 33.Rc3 Rf5 
34.f4 Bb4 35.Rc7 Bf8 36.g4 Rxe5 37.fxe5 a5 38.Rc8 Kg8 39.Ra8 Kf7 40.Rxa5 
Bb4 41.Ra7+ Kg6 42.Rc7 Ba5 43.Re7 Bc3 44.Rxe6+ Kf7 45.Rc6 Bxe5 46.h4 Bg3 
47.h5 Ke7 48.Kg2 Be5 49.Kf3 Kd7 50.Ra6 Bc3 51.Ke4 Ke7 52.Kf5 Bb2 53.e4 Bd4
54.e5 Kf7 55.Rc6 1-0

[Event "15th EUR-ch (w)"]
[Site "Plovdiv BUL"]
[Date "2014.07.12"]
[Round "7.48"]
[White "Ivanova, Simoneta"]
[Black "Tsolakidou, Stavroula"]
[Result "0-1"]
[WhiteElo "2038"]
[BlackElo "2157"]
[EventDate "2014.07.06"]
[PlyCount "74"]

1.d4 d5 2.c4 e6 3.Nc3 c5 4.cxd5 exd5 5.Nf3 Nc6 6.g3 Nf6 7.Bg2 Be7 8.O-O 
O-O 9.dxc5 Bxc5 10.Na4 Be7 11.Be3 Bg4 12.Bc5 Re8 13.Re1 Qd7 14.Rc1 Bd8 15.
a3 Bh3 16.Bh1 Ne4 17.b4 Bf6 18.b5 Nd8 19.b6 Qf5 20.bxa7 Ne6 21.Bb6 d4 22.
Nb2 Bg5 23.e3 Bg4 24.Nd3 Nc3 25.Rxc3 dxc3 26.Nde5 Bd8 27.e4 Qh5 28.Be3 
Bxf3 29.Nxf3 Qa5 30.Qb3 Be7 31.Rc1 Rec8 32.Qxb7 Bc5 33.Bxc5 Qxc5 34.e5 
Rxa7 35.Qe4 Rxa3 36.Nh4 Ra2 37.Qf5 Nd4 0-1

[Event "15th EUR-ch (w)"]
[Site "Plovdiv BUL"]
[Date "2014.07.12"]
[Round "7.49"]
[White "Azimova, Karina"]
[Black "Blagojevic, Tijana"]
[Result "1/2-1/2"]
[WhiteElo "2033"]
[BlackElo "2154"]
[EventDate "2014.07.06"]
[PlyCount "79"]

1.e4 e5 2.Nf3 Nc6 3.Bb5 Nf6 4.O-O Nxe4 5.d4 Nd6 6.dxe5 Nxb5 7.a4 d6 8.e6 
fxe6 9.axb5 Nb4 10.Ng5 Qf6 11.Ra4 Nd5 12.Re4 Be7 13.c4 Nb6 14.Qh5+ Qg6 15.
Qxg6+ hxg6 16.Nxe6 Bxe6 17.Rxe6 Kf7 18.Rfe1 Bf6 19.R6e4 Rae8 20.Nd2 Rxe4 
21.Rxe4 Rh5 22.b3 d5 23.Re1 Bc3 24.Rd1 Bxd2 25.Rxd2 dxc4 26.bxc4 Rc5 27.g3
Rxc4 28.Ba3 Rc3 29.Bb4 Rb3 30.Rd4 Nd5 31.Rxd5 Rxb4 32.Rc5 Kf6 33.h4 Re4 
34.Rxc7 Re7 35.Rc4 Re6 36.Kg2 Re5 37.Rb4 Re6 38.Rc4 Re5 39.Rb4 Re6 40.Rc4 
1/2-1/2

[Event "15th EUR-ch (w)"]
[Site "Plovdiv BUL"]
[Date "2014.07.12"]
[Round "7.50"]
[White "Mammadova, Narmin"]
[Black "Kouvatsou, Maria"]
[Result "1-0"]
[WhiteElo "2019"]
[BlackElo "2152"]
[EventDate "2014.07.06"]
[PlyCount "125"]

1.e4 g6 2.d4 d6 3.Nf3 Bg7 4.Bc4 e6 5.Nc3 Nd7 6.O-O Ne7 7.Be3 c6 8.d5 cxd5 
9.exd5 e5 10.Ng5 O-O 11.Nge4 Qc7 12.Bb3 a6 13.Qc1 Nf5 14.Bg5 f6 15.Bd2 Kh8
16.a3 Nd4 17.Ba2 b5 18.Kh1 Nc5 19.Nxc5 dxc5 20.Ne4 Bd7 21.c4 Rac8 22.b4 
cxb4 23.Bxb4 Rfd8 24.Qd2 bxc4 25.Ba5 c3 26.Bxc7 cxd2 27.Bxd8 Nc2 28.Rad1 
Rxd8 29.Rxd2 Nxa3 30.d6 Nb5 31.Nc5 Nd4 32.Rb1 Bb5 33.d7 Bh6 34.Rdb2 Bf4 
35.Bc4 f5 36.Bxb5 axb5 37.Ra1 e4 38.Rd1 Be5 39.Rbd2 Ra8 40.Nb7 Bf6 41.Rxd4
Bxd4 42.d8=Q+ Rxd8 43.Nxd8 Bxf2 44.Nf7+ Kg7 45.Ng5 b4 46.Nh3 Be3 47.Rb1 
Bd2 48.Kg1 Kf6 49.Kf2 g5 50.Ke2 Bc3 51.Nf2 Be5 52.Rxb4 Bxh2 53.Rb6+ Kg7 
54.g4 fxg4 55.Nxg4 Bg1 56.Rb1 Bc5 57.Rb5 Be7 58.Rb7 Kf7 59.Ke3 h5 60.Nh6+ 
Ke6 61.Kxe4 h4 62.Rb6+ Kd7 63.Kf3 1-0

[Event "15th EUR-ch (w)"]
[Site "Plovdiv BUL"]
[Date "2014.07.12"]
[Round "7.51"]
[White "Kaya, Emel"]
[Black "Paramzina, Anastasia"]
[Result "1-0"]
[WhiteElo "1987"]
[BlackElo "2117"]
[EventDate "2014.07.06"]
[PlyCount "112"]

1.e4 c5 2.Nf3 d6 3.Bb5+ Bd7 4.Bxd7+ Qxd7 5.c4 Nc6 6.Nc3 g6 7.d4 cxd4 8.
Nxd4 Bg7 9.Nde2 Nf6 10.O-O O-O 11.f3 Rac8 12.Rb1 Qd8 13.Kh1 Nd7 14.b3 Nb6 
15.Bg5 Nd7 16.Nd5 Re8 17.Qd2 f6 18.Bh6 Bxh6 19.Qxh6 e6 20.Ndf4 Nde5 21.
Rbd1 Qe7 22.Nc3 Nf7 23.Qh4 Nce5 24.Qf2 a6 25.a4 f5 26.exf5 gxf5 27.Rfe1 
Qg5 28.Nd3 Ng6 29.Qg3 Qf6 30.Ne2 Kh8 31.Nef4 Nge5 32.Nxe5 dxe5 33.Nd3 Rg8 
34.Qf2 Rg6 35.Rd2 Rcg8 36.Qe3 f4 37.Qe4 Rg5 38.Qxb7 Rh5 39.Qe4 Nd6 40.Qc6 
Nf5 41.Kg1 Nd4 42.Qe4 Qh4 43.g4 fxg3 44.Nxe5 gxh2+ 45.Kh1 Rg1+ 46.Rxg1 
hxg1=Q+ 47.Kxg1 Qh1+ 48.Kf2 Qh2+ 49.Ke3 Qg1+ 50.Kd3 Nxb3 51.Qa8+ Kg7 52.
Qb7+ Kh8 53.Qxb3 Qf1+ 54.Ke3 Rh2 55.Qb8+ Kg7 56.Qc7+ Kg8 1-0

[Event "15th EUR-ch (w)"]
[Site "Plovdiv BUL"]
[Date "2014.07.12"]
[Round "7.52"]
[White "Sargsian, Shushanna"]
[Black "Olea, Liliana"]
[Result "1-0"]
[WhiteElo "2107"]
[BlackElo "1951"]
[EventDate "2014.07.06"]
[PlyCount "97"]

1.d4 d5 2.Nf3 Nf6 3.c4 c6 4.Nc3 e6 5.e3 Bd6 6.Qc2 O-O 7.Bd2 Nbd7 8.e4 dxe4
9.Nxe4 Nxe4 10.Qxe4 e5 11.dxe5 Nxe5 12.O-O-O Nxf3 13.Qxf3 Qc7 14.h4 Be5 
15.Re1 b5 16.h5 a5 17.h6 g6 18.g4 b4 19.Bg2 Bd7 20.Rhf1 Rab8 21.Qh3 Qd6 
22.Qe3 Bd4 23.Qf4 Qc5 24.b3 f5 25.g5 a4 26.Be3 Bxe3+ 27.Qxe3 Qxe3+ 28.Rxe3
axb3 29.axb3 Rfe8 30.Rd1 Rxe3 31.fxe3 Rb7 32.Rd6 Rc7 33.Kd2 Kf7 34.e4 fxe4
35.Bxe4 Ke7 36.Rf6 Rc8 37.Ke3 Be6 38.Kd4 c5+ 39.Ke5 Bg8 40.Bd5 Bxd5 41.
Kxd5 Ra8 42.Kxc5 Ra5+ 43.Kxb4 Rxg5 44.Ra6 Kf7 45.Ra7+ Kg8 46.c5 Rg1 47.c6 
Rc1 48.c7 g5 49.Ra8+ 1-0

[Event "15th EUR-ch (w)"]
[Site "Plovdiv BUL"]
[Date "2014.07.12"]
[Round "7.53"]
[White "Vovk, Oksana"]
[Black "Radeva, Viktoria"]
[Result "1-0"]
[WhiteElo "2083"]
[BlackElo "1937"]
[EventDate "2014.07.06"]
[PlyCount "79"]

1.d4 Nf6 2.c4 g6 3.g3 Bg7 4.Bg2 O-O 5.Nc3 d6 6.e4 Nc6 7.Nge2 a6 8.O-O e5 
9.d5 Na5 10.Qd3 c5 11.dxc6 bxc6 12.Rd1 Nb7 13.b3 Qc7 14.h3 Rd8 15.Be3 Bd7 
16.Qd2 Ne8 17.Rac1 Be6 18.Nd5 cxd5 19.cxd5 Qe7 20.dxe6 fxe6 21.Nc3 Rac8 
22.Na4 Nf6 23.Nb6 Rb8 24.b4 Nd7 25.Rc7 Qe8 26.Rdc1 Nxb6 27.Bxb6 Rd7 28.Bf1
Rxc7 29.Rxc7 Qa4 30.Ba7 Ra8 31.Rxb7 Qc6 32.Rb8+ Bf8 33.Rxa8 Qxa8 34.Qe3 d5
35.exd5 exd5 36.Bc5 Bxc5 37.bxc5 e4 38.Qd4 Kf7 39.Qa4 a5 40.Qd7+ 1-0

[Event "15th EUR-ch (w)"]
[Site "Plovdiv BUL"]
[Date "2014.07.12"]
[Round "7.54"]
[White "Sop, Selen"]
[Black "Sazonova, Anastasia"]
[Result "1/2-1/2"]
[WhiteElo "1970"]
[BlackElo "2082"]
[EventDate "2014.07.06"]
[PlyCount "81"]

1.e4 c5 2.Nf3 Nc6 3.Bb5 d6 4.O-O Bd7 5.c3 Nf6 6.Re1 a6 7.Bf1 Bg4 8.h3 Bxf3
9.Qxf3 g6 10.a4 Rb8 11.Na3 Qc7 12.d3 Bg7 13.Bg5 O-O 14.Qe3 Rfe8 15.Bh6 Bh8
16.Rac1 Nd7 17.Bf4 b5 18.axb5 axb5 19.d4 b4 20.Nb5 Qb6 21.dxc5 Nxc5 22.
cxb4 Nxb4 23.Qd2 Nc6 24.Be3 Qb7 25.Bxc5 dxc5 26.Rxc5 Red8 27.Qc2 Nd4 28.
Nxd4 Bxd4 29.Rb5 Qa7 30.Rxb8 Rxb8 31.Rb1 Qa2 32.Bc4 Rxb2 33.Rxb2 Qxb2 34.
Qxb2 Bxb2 35.g3 Kg7 36.Kg2 e6 37.f4 e5 38.Kf3 f6 39.Bd5 Bd4 40.Bc4 Bc3 41.
Bd5 1/2-1/2

[Event "15th EUR-ch (w)"]
[Site "Plovdiv BUL"]
[Date "2014.07.12"]
[Round "7.55"]
[White "Vasova, Maria"]
[Black "Soyunlu, Narmin"]
[Result "1-0"]
[WhiteElo "1991"]
[BlackElo "1936"]
[EventDate "2014.07.06"]
[PlyCount "111"]

1.d4 e6 2.Nf3 Nf6 3.g3 b5 4.Bg2 Bb7 5.O-O c5 6.c3 Qb6 7.Bg5 Ne4 8.Be3 Nc6 
9.Nbd2 Nxd2 10.Qxd2 d6 11.Rfd1 Rd8 12.Bg5 Be7 13.Bxe7 Nxe7 14.Qg5 Nf5 15.
d5 O-O 16.Bh3 Bc8 17.Bxf5 exf5 18.h4 Rde8 19.h5 h6 20.Qd2 Re4 21.Kg2 Rfe8 
22.e3 a5 23.Qc2 Bd7 24.b3 c4 25.Nd2 cxb3 26.axb3 R4e5 27.Nf3 Re4 28.Rd4 
Qc5 29.Rxa5 Rxd4 30.exd4 Qxd5 31.c4 Qc6 32.d5 Qc5 33.Qa2 f4 34.Ra8 Bc8 35.
Qa3 Qxa3 36.Rxa3 bxc4 37.bxc4 Bg4 38.Ra6 Rd8 39.Nd4 Kf8 40.gxf4 f6 41.Kg3 
Bc8 42.Ra8 Kf7 43.Nf5 Bxf5 44.Rxd8 Ke7 45.Rg8 Kf7 46.Rb8 Bd3 47.Rb7+ Kf8 
48.Rc7 Be2 49.f3 Bd3 50.Kf2 Bc2 51.Ke3 Bd1 52.Rd7 Bb3 53.Kd4 Bd1 54.Rxd6 
Bxf3 55.c5 Bxh5 56.c6 1-0

[Event "15th EUR-ch (w)"]
[Site "Plovdiv BUL"]
[Date "2014.07.12"]
[Round "7.56"]
[White "Bokuchava, Madona"]
[Black "Krasteva, Beloslava"]
[Result "1-0"]
[WhiteElo "2027"]
[BlackElo "1361"]
[EventDate "2014.07.06"]
[PlyCount "57"]

1.d4 Nf6 2.Bg5 e6 3.e4 Be7 4.Nd2 d5 5.e5 Nfd7 6.Bxe7 Qxe7 7.Ngf3 c5 8.c3 
Nc6 9.Bd3 O-O 10.O-O b6 11.Re1 Bb7 12.Nf1 c4 13.Bc2 b5 14.Qd2 a5 15.Ng3 h6
16.Nh5 a4 17.a3 Na5 18.Qf4 Rfd8 19.Re3 Qf8 20.Qg4 Kh8 21.Nh4 g5 22.Nf3 Re8
23.Nf6 Nxf6 24.exf6 Bc8 25.Ne5 Nb7 26.Rh3 Kg8 27.Rh5 Nd6 28.Rxg5+ Kh8 29.
Rg7 1-0

[Event "15th EUR-ch (w)"]
[Site "Plovdiv BUL"]
[Date "2014.07.12"]
[Round "7.57"]
[White "Balimezova, Margarita"]
[Black "Brezalieva, Steliyana"]
[Result "1/2-1/2"]
[WhiteElo "1631"]
[BlackElo "1456"]
[EventDate "2014.07.06"]
[PlyCount "82"]

1.d4 d5 2.Nf3 Nf6 3.e3 e6 4.Bd3 Bd6 5.Nbd2 Nbd7 6.b3 b6 7.Bb2 Bb7 8.O-O 
O-O 9.Ne5 Ne4 10.Nxd7 Nxd2 11.Qxd2 Qxd7 12.Rac1 Rac8 13.Rfe1 Rfe8 14.c4 
dxc4 15.bxc4 c5 16.dxc5 bxc5 17.h3 h6 18.Red1 Rcd8 19.Qc2 Qc7 20.Rd2 Be5 
21.Bxe5 Qxe5 22.Rcd1 Qb8 23.Be2 Rxd2 24.Rxd2 Rd8 25.Rxd8+ Qxd8 26.Qd1 
Qxd1+ 27.Bxd1 f6 28.g3 Kf7 29.f4 g5 30.Kf2 Kg6 31.fxg5 fxg5 32.Bc2+ Kf6 
33.g4 a5 34.a3 Ke5 35.Kg3 Be4 36.Bb3 Bc6 37.Bc2 Be4 38.Bb3 Bc6 39.Bc2 Be4 
40.Bb3 Bc6 41.Bc2 Be4 1/2-1/2

[Event "15th EUR-ch (w)"]
[Site "Plovdiv BUL"]
[Date "2014.07.12"]
[Round "7.58"]
[White "Shivacheva, Donika"]
[Black "Vasileva, Cveta"]
[Result "1-0"]
[WhiteElo "1790"]
[BlackElo "1598"]
[EventDate "2014.07.06"]
[PlyCount "107"]

1.e4 e6 2.Nf3 b6 3.d4 Bb7 4.Bd3 c5 5.c3 h6 6.Nbd2 Nf6 7.O-O cxd4 8.cxd4 
Bb4 9.e5 Nd5 10.Ne4 Nc6 11.a3 Be7 12.b4 a6 13.Bc2 d6 14.Qe2 dxe5 15.dxe5 
Qc7 16.Bb2 Nf4 17.Qe3 Ng6 18.Nd6+ Bxd6 19.exd6 Qxd6 20.Qxb6 Rb8 21.Rfd1 
Qe7 22.Ba4 Rc8 23.Rac1 Qc7 24.Qc5 f6 25.Rd6 Ne7 26.Nd4 Kf7 27.Bxc6 Rhd8 
28.Rxe6 Bxc6 29.Rxe7+ Qxe7 30.Nxc6 Qxc5 31.Nxd8+ Ke8 32.Rxc5 Rxd8 33.g3 
Rd2 34.Bc3 Rd3 35.Kf1 Kd7 36.Ke2 Rd6 37.Ke3 g6 38.Rc4 Ke6 39.a4 f5 40.b5 
axb5 41.axb5 g5 42.Rc6 Rxc6 43.bxc6 Kd6 44.Kd4 h5 45.Bd2 h4 46.Bxg5 hxg3 
47.fxg3 Kxc6 48.Ke5 Kd7 49.Kxf5 Ke8 50.h4 Kf7 51.h5 Kg7 52.h6+ Kh7 53.Bc1 
Kg8 54.Kg6 1-0

[Event "15th EUR-ch (w)"]
[Site "Plovdiv BUL"]
[Date "2014.07.14"]
[Round "8.1"]
[White "Gunina, Valentina"]
[Black "Javakhishvili, Lela"]
[Result "1-0"]
[WhiteElo "2501"]
[BlackElo "2474"]
[EventDate "2014.07.06"]
[PlyCount "93"]

1.d4 Nf6 2.c4 e6 3.Nf3 b6 4.g3 Ba6 5.Qa4 Bb7 6.Bg2 c5 7.dxc5 Bxc5 8.O-O 
O-O 9.Nc3 Ne4 10.Nxe4 Bxe4 11.Bf4 Be7 12.Rfd1 d6 13.Qa3 d5 14.Qc3 Bf6 15.
Be5 Nd7 16.Bxf6 Qxf6 17.Qa3 Rfd8 18.cxd5 exd5 19.Rac1 Nc5 20.Nd4 a5 21.Nb3
Bxg2 22.Kxg2 Ne4 23.f3 Nd6 24.Nd4 Nc4 25.Qc3 b5 26.Nxb5 Qb6 27.Nd4 Qxb2 
28.Rc2 Qxc3 29.Rxc3 Kf8 30.Kf2 Rdb8 31.Nf5 Rb5 32.a4 Rc5 33.Rb3 g6 34.Nd4 
Rac8 35.Rb7 R8c7 36.Rbb1 Nd6 37.Nb3 Rc2 38.Rxd5 Nc4 39.Nd4 Ra2 40.Rb8+ Kg7
41.g4 h6 42.h4 Rxa4 43.g5 hxg5 44.hxg5 Rb4 45.Re8 Nb6 46.Rdd8 Rc8 47.Ne6+ 
1-0

[Event "15th EUR-ch (w)"]
[Site "Plovdiv BUL"]
[Date "2014.07.14"]
[Round "8.2"]
[White "Melia, Salome"]
[Black "Girya, Olga"]
[Result "1-0"]
[WhiteElo "2454"]
[BlackElo "2493"]
[EventDate "2014.07.06"]
[PlyCount "87"]

1.e4 c5 2.Nf3 e6 3.d4 cxd4 4.Nxd4 Nc6 5.Nc3 Qc7 6.Be3 a6 7.Qd2 Nf6 8.f4 
Bb4 9.Bd3 Na5 10.a3 Bxc3 11.Qxc3 Qxc3+ 12.bxc3 d5 13.e5 Ne4 14.Nb3 Nc4 15.
Bxc4 dxc4 16.Na5 Bd7 17.Bd4 Rc8 18.Rb1 Ba4 19.Rxb7 O-O 20.Kd1 Nc5 21.Rb6 
Nd3 22.Rf1 Nc5 23.Kc1 Bb5 24.Bxc5 Rxc5 25.Rd1 g5 26.g3 Rc7 27.h4 Kg7 28.
fxg5 Kg6 29.g4 Rfc8 30.Rf1 Rc5 31.Nb7 Rxe5 32.Nd6 Rf8 33.Rf6+ Kg7 34.Rb7 
Rd5 35.Nxf7 Bd7 36.Ne5 Rxe5 37.Rxd7+ Kg8 38.Rxf8+ Kxf8 39.Rxh7 Re4 40.g6 
Rxg4 41.h5 Rg5 42.Kd2 Re5 43.Rf7+ Kg8 44.h6 1-0

[Event "15th EUR-ch (w)"]
[Site "Plovdiv BUL"]
[Date "2014.07.14"]
[Round "8.3"]
[White "Kosintseva, Tatiana"]
[Black "Batsiashvili, Nino"]
[Result "1/2-1/2"]
[WhiteElo "2476"]
[BlackElo "2417"]
[EventDate "2014.07.06"]
[PlyCount "201"]

1.e4 e5 2.Nf3 Nc6 3.Bb5 Nge7 4.O-O g6 5.c3 a6 6.Ba4 Bg7 7.d4 exd4 8.cxd4 
b5 9.Bc2 d6 10.d5 Nb4 11.Bb3 a5 12.a3 Na6 13.Nc3 Bd7 14.Be3 O-O 15.Qd2 Nc5
16.Bxc5 dxc5 17.Rac1 c4 18.Ba2 Nc8 19.Ne2 Re8 20.Ng3 c6 21.a4 cxd5 22.exd5
Nb6 23.axb5 Bxb5 24.Rfd1 Qf6 25.Nd4 Ba4 26.b3 cxb3 27.Nxb3 Re5 28.Rc5 Bf8 
29.Rxa5 Nc4 30.Rxa8 Nxd2 31.Rxa4 Nxb3 32.Bxb3 Qb6 33.Bc4 Bc5 34.Ra2 h5 35.
d6 Bxd6 36.Ra6 Qc5 37.Bxf7+ Kxf7 38.Raxd6 h4 39.Nf1 h3 40.gxh3 Re2 41.Rd7+
Ke8 42.Rd8+ Ke7 43.R1d7+ Kf6 44.Rd4 Re1 45.Kg2 Qc6+ 46.R8d5 Ke6 47.Ne3 Kf7
48.Rc4 Qb7 49.Rd4 Qc6 50.h4 Kg7 51.Ng4 Kf7 52.Ne3 Kg7 53.Ng4 Kf7 54.Kh3 
Ke7 55.Re5+ Rxe5 56.Nxe5 Qf6 57.f3 Qf5+ 58.Kg2 Qc2+ 59.Kg3 Ke6 60.Re4 Qc7 
61.Kh3 Kf5 62.Ng4 Qc1 63.Ne3+ Kf6 64.Ng4+ Kf5 65.Kg2 Qa1 66.Re5+ Kf4 67.
Re4+ Kf5 68.Nf2 Qb2 69.Kg3 Qb8+ 70.Kh3 Qb1 71.Kg2 Qb2 72.Rg4 Qc2 73.Rg5+ 
Kf4 74.Rg4+ Kf5 75.Rd4 Qb2 76.Rc4 Qa2 77.Rb4 Qc2 78.Re4 Qb2 79.Kg3 Qb8+ 
80.Kh3 Qb1 81.Kg2 Qb2 82.Re8 Kf4 83.Re6 Kf5 84.Re4 Qc2 85.Rg4 Qb2 86.Rg5+ 
Kf6 87.Kg3 Qb1 88.Ng4+ Ke6 89.Re5+ Kf7 90.Re4 Qg1+ 91.Kf4 Qc1+ 92.Kg3 Qg1+
93.Kf4 Qc1+ 94.Re3 Qc7+ 95.Ne5+ Kf6 96.Kg3 Kf5 97.Re4 Qc1 98.Ng4 Qg1+ 99.
Kh3 Qf1+ 100.Kg3 Qg1+ 101.Kh3 1/2-1/2